000 00293nam a22001337a 4500
008 170526b xxu||||| |||| 00| 0 eng d
020 _a9781561582624
041 _aeng
080 _a62
100 _a27
101 _aIM
245 _aMAKING COUNTRY FURNITURE
_cBUCHANAN,G
942 _2udc
_cBK
999 _c14616
_d14616